| 000 | 00490nam a22001697a 4500 | ||
|---|---|---|---|
| 005 | 20140922114101.0 | ||
| 010 | _aENG-110835 | ||
| 020 |
_a9789384049966 _c195.00 |
||
| 035 | _aEN-94367 | ||
| 037 | _bDBAD/PUB | ||
| 100 | _aBarath Narayanan, C. R. | ||
| 245 |
_aGuild hostilities / _cby Barath Narayanan C. R. |
||
| 260 |
_aNew Delhi _bNotion Press _c2014 |
||
| 270 |
_a5 Muthu Kalathy street, Triplicane _bChennai _e600005 |
||
| 300 |
_avii,189p. _c24cm(pbk) |
||
| 942 |
_2ddc _cEN _mBAR _hN |
||
| 999 |
_c88566 _d88566 |
||